书目信息 |
| 题名: |
卫生管理运筹学
|
|
| 作者: | 薛迪 主编 | |
| 分册: | ||
| 出版信息: | 上海 复旦大学出版社 2004 |
|
| 页数: | 352页 | |
| 开本: | 23cm | |
| 丛书名: | 复旦博学·卫生事业管理系列 | |
| 单 册: | ||
| 中图分类: | R19 | |
| 科图分类: | ||
| 主题词: | 卫生管理学--运筹学 , 卫生管理学 , 运筹学 | |
| 电子资源: | ||
| ISBN: | 7-309-03954-8 | |
| 000 | 00905oam2 2200277 450 | |
| 001 | 012007957931 | |
| 005 | 20070525150404.15 | |
| 010 | @a7-309-03954-8@dCNY36.00 | |
| 100 | @a20070517d2004 km y0chiy0120 ea | |
| 101 | 0 | @achi |
| 102 | @aCN@b310000 | |
| 105 | @ay z 000yy | |
| 106 | @ar | |
| 200 | 1 | @a卫生管理运筹学@Awei sheng guan li yun chou xue@f薛迪主编@Fxue di zhu bian |
| 210 | @a上海@c复旦大学出版社@d2004 | |
| 215 | @a352页@d23cm | |
| 225 | 2 | @a复旦博学·卫生事业管理系列 |
| 330 | @a本书介绍了运筹学在科学管理中的作用,重点介绍了运筹学主要分支的基本理论与基本方法,如线性规划、运输问题、整数规划等;讲述了质量管理和综合评价方法等内容。 | |
| 461 | 0 | @12001 @a复旦博学·卫生事业管理系列 |
| 606 | 0 | @a卫生管理学@x运筹学 |
| 606 | 0 | @a卫生管理学 |
| 606 | 0 | @a运筹学 |
| 690 | @aR19@v4 | |
| 701 | 0 | @a薛迪@Axue di@c(女)@4主编 |
| 801 | 0 | @aCN@bRULIN@c20070525 |
| 905 | @dR19@e154@s5 | |
| 卫生管理运筹学/薛迪主编.-上海:复旦大学出版社,2004 |
| 352页;23cm.-(复旦博学·卫生事业管理系列) |
| ISBN 7-309-03954-8:CNY36.00 |
| 本书介绍了运筹学在科学管理中的作用,重点介绍了运筹学主要分支的基本理论与基本方法,如线性规划、运输问题、整数规划等;讲述了质量管理和综合评价方法等内容。 |
| ● |
| 相关链接 |
|
|
|
|
正题名:卫生管理运筹学
索取号:R19/154
 
预约/预借
| 序号 | 登录号 | 条形码 | 馆藏地/架位号 | 状态 | 备注 |
| 1 | 0580854 | 205808544 | 第二样本阅览室/ [索取号:R19/154] | 在馆 | |
| 2 | 0580855 | 205808553 | 教育系资料室/ [索取号:R19/154] | 在馆 | |
| 3 | 0580856 | 205808562 | 教育系资料室/ [索取号:R19/154] | 在馆 | |
| 4 | 0580857 | 205808571 | 第三借阅区/ [索取号:R19/154] | 在馆 | |
| 5 | 0580858 | 205808580 | 第三借阅区/ [索取号:R19/154] | 在馆 |